Most Populous Countries by Continent Quiz Stats

 Plays Quiz Updated Aug 30, 2013

Support Sporcle.
Go Orange.
Score 0/30 Timer 04:00
17 Plays Today
Continent Country % Correct
Asia1 - China
98.8%
North America1 - United States
98.3%
North America2 - Mexico
97.3%
South America1 - Brazil
96.8%
North America3 - Canada
96.7%
Europe1 - Russia
96.2%
Europe4 - France
95.8%
Europe2 - Germany
95.7%
Asia2 - India
95.5%
Oceania1 - Australia
94.6%
South America3 - Argentina
93.1%
Europe5 - United Kingdom
93.1%
Africa5 - South Africa
93.1%
Oceania3 - New Zealand
91.5%
Africa3 - Egypt
90.3%
Continent Country % Correct
South America4 - Peru
84.5%
South America2 - Colombia
82.8%
Africa1- Nigeria
82.6%
Asia3 - Indonesia
82%
South America5 - Venezuela
77.8%
North America5 - Cuba
76.1%
Asia4 - Pakistan
75.3%
Europe3 - Turkey
70.4%
Oceania4 - Fiji
65.4%
Africa2 - Ethiopia
63.9%
Africa4 - Democratic Republic of the Congo
63.1%
Oceania2 - Papua New Guinea
62.4%
Asia5 - Bangladesh
61.5%
North America4 - Guatemala
61.3%
Oceania5 - Solomon Islands
41.8%

From the Vault

Sporcle Crossword

by rockgolf

You better be careful if you cross these words!
Remove Ads.
Support Sporcle.
Get the best of Sporcle when you Go Orange. This ad-free experience offers more features, more stats, and more fun while also helping to support Sporcle. Thank you for becoming a member.

Show Comments

Extras

Top Quizzes Today


Score Distribution

Your Account Isn't Verified!

In order to create a playlist on Sporcle, you need to verify the email address you used during registration. Go to your Sporcle Settings to finish the process.

Report this User

Report this user for behavior that violates our Community Guidelines.

Details: